Central Library OPAC University of Rajshahi

Botany : (Record no. 75219)

MARC details
000 -LEADER
fixed length control field 00712nam a2200241 a 4500
001 - CONTROL NUMBER
control field 75219
003 - CONTROL NUMBER IDENTIFIER
rucl marc code BD-RjUL
005 - DATE AND TIME OF LATEST TRANSACTION
control field 20211209082648.0
008 - FIXED-LENGTH DATA ELEMENTS--GENERAL INFORMATION
fixed length control field 190202r19861985ii ||||| |||| 00| 0 eng d
035 ## - SYSTEM CONTROL NUMBER
System control number (BD-RjUL)75437
040 ## - CATALOGING SOURCE
Original cataloging agency BD-RjUL
Language of cataloging eng
Transcribing agency BD-RjUL
041 ## - LANGUAGE CODE
Language code of text/sound track or separate title eng
082 ## - DEWEY DECIMAL CLASSIFICATION NUMBER
Edition number 23
Classification number 580
Author mark and year VAB 1986
100 ## - MAIN ENTRY--PERSONAL NAME
Personal name Vashishta, B. R.
9 (RLIN) 165711
245 10 - TITLE STATEMENT
Title Botany :
Remainder of title for degree students /
Statement of responsibility, etc. B. R. Vashishta.
250 ## - EDITION STATEMENT
Edition statement 6th ed. rev. & enl
260 ## - PUBLICATION, DISTRIBUTION, ETC. (IMPRINT)
Place of publication, distribution, etc. New Delhi :
Name of publisher, distributor, etc. S. Chand & Company Ltd.,
Date of publication, distribution, etc. 1977,1985 [Reprinted 1986].
300 ## - PHYSICAL DESCRIPTION
Pagination v. :
Illustrations ill. ;
Size 22 cm.
505 ## - FORMATTED CONTENTS NOTE
Formatted contents note Pt. 1-- Pt. .2 -- Pt. 3 --
650 ## - SUBJECT ADDED ENTRY--TOPICAL TERM
Topical term or geographic name as entry element Botany
9 (RLIN) 165712
Topical term or geographic name as entry element Botany
9 (RLIN) 165713
General subdivision Study and teaching.
942 ## - ADDED ENTRY ELEMENTS (KOHA)
Source of classification or shelving scheme Dewey Decimal Classification
Koha item type Books
Holdings
Lost status Source of classification or shelving scheme Damaged status Not for loan Collection code Permanent Location Current Location Shelving location Date acquired Source of acquisition Cost, normal purchase price Total Checkouts Full call number Date last seen Copy number Koha item type
  Dewey Decimal Classification   Not For Loan Non-fiction Central Library, University of Rajshahi Central Library, University of Rajshahi Reading Room 03/06/1976 Aligarh library,Rajshahi 25.00   580 VAB Pt-3 1986 02/02/2019 C-1 Books
  Dewey Decimal Classification   Not For Loan Non-fiction Central Library, University of Rajshahi Central Library, University of Rajshahi   03/06/1976 Aligarh Libraty Rajshahi 31.25   580 VAB 1986 pt. 2 03/02/2019 C-1 Books
  Dewey Decimal Classification   Not For Loan Non-fiction Central Library, University of Rajshahi Central Library, University of Rajshahi Reading Room 07/04/1980 Calcuta: K.P. Bagchi 12.50   580 VAB Pt-1 1977 15/09/2021 C-1 Books